Statistics for 15 Largest Cities in Japan

Click here to take the quiz!

General Stats

  • This quiz has been taken 104 times
  • The average score is 9 of 15

Answer Stats

Island Answer % Correct
HonshuTokyo
100%
HonshuOsaka
98%
HonshuKyoto
88%
HonshuNagoya
85%
HokkaidoSapporo
85%
HonshuKobe
80%
HonshuHiroshima
78%
HonshuYokohama
76%
KyushuFukuoka
63%
HonshuSendai
47%
KyushuKitakyushu
41%
HonshuKawasaki
32%
HonshuSaitama
32%
HonshuChiba
31%
HonshuSakai
12%

Score Distribution

Percentile by Number Answered

Percent of People with Each Score

Your Score History

You have not taken this quiz